000 01117cam a2200313 a 4500
005 20260322212036.0
008 data
010 _a 2006935207
020 _a0738548758 (pbk.)
020 _a9780738548753 (pbk.)
040 _aDLC
_cDLC
_dDLC
043 _an-us-az
050 0 0 _aF819.S37
_bF64 2007
082 0 0 _a979.1/73
_222
092 _a979.1 F64 2007
100 1 _aFudala, Joan.
245 1 0 _aScottsdale /
_cJoan Fudala & Arizona Historical Foundation.
260 _aCharleston, SC :
_bArcadia Pub.,
_cc2007.
300 _a127 p. :
_bill. ;
_c24 cm.
490 0 _aImages of America
500 _a"[Published] ... in partnership with the Arizona Historical Foundation--P. [4] of cover.
504 _aIncludes bibliographical references (p. 127).
651 0 _aScottsdale (Ariz.)
_xHistory
_vPictorial works.
651 0 _aScottsdale (Ariz.)
_xSocial life and customs
_vPictorial works.
651 0 _aScottsdale (Ariz.)
_vPictorial works.
_vPictorial works.
710 2 _aArizona Historical Foundation.
856 4 1 _3Table of contents only
_uhttp://www.loc.gov/catdir/toc/fy0712/2006935207.html
001 data
999 _c844
_d844